|
|
|
|
| LEADER |
00000nab a2200000 a 4500 |
| 001 |
vtls000764268 |
| 003 |
SK-MaSNL |
| 005 |
20260302153142.0 |
| 008 |
140507c2001 xo 0 slo |
| 015 |
|
|
|a SNBRB2001/08-22571
|
| 035 |
|
|
|a CLN000116055
|
| 040 |
|
|
|a SNKBUCL
|b slo
|c SNKBUCL
|e AACR2
|
| 041 |
0 |
|
|a slo
|
| 044 |
|
|
|a xo
|c SK
|
| 080 |
|
|
|a 396:159.913:301.15-058(048)
|2 1997
|
| 080 |
|
|
|a 301.15-058(048)
|2 1997
|
| 100 |
1 |
|
|a Janecová, Marta
|4 aut
|9 847720
|
| 245 |
1 |
0 |
|a Takto to nebolo
|c Marta Janecová
|
| 650 |
0 |
7 |
|a feminizmus
|x monografie
|x recenzie
|2 snkbucl
|9 847721
|
| 650 |
0 |
7 |
|a ženy
|x postavenie sociálne
|x zneužívanie
|x monografie
|x recenzie
|2 snkbucl
|9 847722
|
| 655 |
|
7 |
|a články z novín a časopisov
|2 snkbucl
|9 267496
|
| 773 |
0 |
|
|t Kultúrny život
|g Roč. 2, č. 15 (2001), s. 8
|x 1335-6976
|
| 787 |
0 |
8 |
|i Rec.:
|a Pateman, Carole
|t Sexuálna zmluva
|d Bratislava : Aspekt, 2000
|z 8085549182
|
| 850 |
|
|
|a Slovenská národná knižnica v Martine
|
| 852 |
|
|
|a SNK
|b KIS3GCP
|
| 958 |
|
|
|a RC
|
| 992 |
|
|
|a RBX
|
| 999 |
|
|
|c 1364569
|d 1366499
|